000 00612nam a2200193 a 4500
001 000018815
005 20200929165849.0
008 100519s1988 cu a r 000 p spa d
040 _aDO-SdBNP
_bspa
_cBNPHU
082 _a861.44
_bA727j
100 1 _aArmas, Emilio de,
_d1946-
_940567
245 1 0 _aJunto al álamo de los bisontes /
_cEmilio de Armas ; edición Clara Hernández.
260 _aLa Habana :
_bCasa de las Américas,
_c1988.
300 _a73 p. :
_bil. ;
_c23 cm.
650 4 _aPoesía cubana
_95226
650 4 _aLiteratura cubana
_91483
700 1 _aHernández, Clara,
_eed.
_94129
049 _aBNGR
999 _c18335
_d18335